| 000 | 01790nam a2200397Ia 4500 | ||
|---|---|---|---|
| 001 | ebr10269099 | ||
| 003 | CaPaEBR | ||
| 006 | m u | ||
| 007 | cr cn||||||||| | ||
| 008 | 000215s2000 enk sb 001 0 eng d | ||
| 010 | _z 00024416 | ||
| 020 | _z0198208588 (alk. paper) | ||
| 020 | _z9780198208587 | ||
| 040 |
_aCaPaEBR _cCaPaEBR |
||
| 035 | _a(OCoLC)252554781 | ||
| 050 | 1 | 4 |
_aDD120.F8 _bH48 2000eb |
| 100 | 1 | _aHewitson, Mark. | |
| 245 | 1 | 0 |
_aNational identity and political thought in Germany _h[electronic resource] : _bWilhelmine depictions of the French Third Republic, 1890-1914 / _cMark Hewitson. |
| 260 |
_aOxford [England] : _bClarendon Press ; _aOxford [England] ; _aNew York : _bOxford University Press, _c2000. |
||
| 300 | _ax, 288 p. | ||
| 490 | 1 | _aOxford historical monographs | |
| 504 | _aIncludes bibliographical references (p. [260]-283) and index. | ||
| 533 |
_aElectronic reproduction. _bPalo Alto, Calif. : _cebrary, _d2011. _nAvailable via World Wide Web. _nAccess may be limited to ebrary affiliated libraries. |
||
| 650 | 0 |
_aNationalism _zFrance _xHistory _y19th century. |
|
| 650 | 0 |
_aNationalism _zGermany _xHistory _y19th century. |
|
| 650 | 0 |
_aPublic opinion _zGermany _xHistory _y19th century. |
|
| 651 | 0 |
_aFrance _xForeign public opinion, German _xHistory _y19th century. |
|
| 651 | 0 |
_aFrance _xForeign relations _zGermany. |
|
| 651 | 0 |
_aFrance _xPolitics and government _y1870-1940. |
|
| 651 | 0 |
_aGermany _xForeign relations _zFrance. |
|
| 651 | 0 |
_aGermany _xPolitics and government _y1871-1918. |
|
| 655 | 7 |
_aElectronic books. _2local |
|
| 710 | 2 | _aebrary, Inc. | |
| 830 | 0 | _aOxford historical monographs. | |
| 856 | 4 | 0 |
_uhttp://site.ebrary.com/lib/rucke/Doc?id=10269099 _zAn electronic book accessible through the World Wide Web; click to view |
| 999 |
_c8858 _d8858 |
||